Contemporary's: make your mark in retail jobs. / (Record no. 6887)

MARC details
000 -LEADER
fixed length control field 00749nam a22001577a 4500
008 - FIXED-LENGTH DATA ELEMENTS--GENERAL INFORMATION
fixed length control field 190807b xxu||||| |||| 00| 0 eng d
020 ## - INTERNATIONAL STANDARD BOOK NUMBER
International Standard Book Number 0809209101
050 ## - LIBRARY OF CONGRESS CALL NUMBER
Classification number HF5429.26.G7
100 ## - MAIN ENTRY--PERSONAL NAME
Personal name Grebel, Rosemary
245 ## - TITLE STATEMENT
Title Contemporary's: make your mark in retail jobs. /
Statement of responsibility, etc. Rosemary Grebel.
260 ## - PUBLICATION, DISTRIBUTION, ETC.
Place of publication, distribution, etc. Illinois:
Name of publisher, distributor, etc. Contemporary books Inc.,
Date of publication, distribution, etc. 1997.
300 ## - PHYSICAL DESCRIPTION
Extent iv, 124 p.:
Other physical details ill.;
Dimensions 28 cm.
505 ## - FORMATTED CONTENTS NOTE
Formatted contents note Contents: No waiting on register three! -- Looking for anything special? -- Do you have an account? -- Would you like something else? -- Who will set the alarm? -- The department looks great! -- Cleanup on aisle 10B -- May I have your order? -- Are you accepting applications? -- A new manager.
700 ## - ADDED ENTRY--PERSONAL NAME
Personal name Pogrund, Phyllis
942 ## - ADDED ENTRY ELEMENTS (KOHA)
Source of classification or shelving scheme Library of Congress Classification
Koha item type Books
Holdings
Withdrawn status Lost status Source of classification or shelving scheme Damaged status Not for loan Home library Current library Shelving location Date acquired Total Checkouts Full call number Barcode Date last seen Price effective from Koha item type
    Library of Congress Classification     WISCONSIN INTERNATIONAL UNIVERSITY COLLEGE, GHANA - MAIN LIBRARY WISCONSIN INTERNATIONAL UNIVERSITY COLLEGE, GHANA - MAIN LIBRARY General Stacks 07/08/2019   HF5429.26.G7 7277/302/13 07/08/2019 07/08/2019 Books

If you have any concerns or questions; kindly contact the library


© Powered by WIUC ICT DIRECTORATE